ARRUPE JESUIT UNIVERSITY

CORONAVIRUS -STOP THE SPREAD - CLEAN,DISINFECT,COVER

The Eucharistic liturgies : (Record no. 118649)

MARC details
000 -LEADER
fixed length control field 01634cam a22003497a 4500
001 - CONTROL NUMBER
control field 17429607
003 - CONTROL NUMBER IDENTIFIER
control field ARRUPE
005 - DATE AND TIME OF LATEST TRANSACTION
control field 20131125135024.0
008 - FIXED-LENGTH DATA ELEMENTS--GENERAL INFORMATION
fixed length control field 120814s2012 enk b 001 0 eng d
010 ## - LIBRARY OF CONGRESS CONTROL NUMBER
LC control number 2012451098
020 ## - INTERNATIONAL STANDARD BOOK NUMBER
International Standard Book Number 9780281068074 (pbk.)
020 ## - INTERNATIONAL STANDARD BOOK NUMBER
International Standard Book Number 0281068070 (pbk.)
035 ## - SYSTEM CONTROL NUMBER
System control number (OCoLC)ocn795596281
040 ## - CATALOGING SOURCE
Original cataloging agency XII
Transcribing agency XII
Modifying agency XII
-- DEBSZ
-- DLC
042 ## - AUTHENTICATION CODE
Authentication code lccopycat
050 00 - LIBRARY OF CONGRESS CALL NUMBER
Classification number BV823
Item number .B64 2012
300 ## - PHYSICAL DESCRIPTION
Dimensions 24 cm.
100 1# - MAIN ENTRY--PERSONAL NAME
Personal name Bradshaw, Paul F.
9 (RLIN) 3705
245 14 - TITLE STATEMENT
Title The Eucharistic liturgies :
Remainder of title their evolution and interpretation /
Statement of responsibility, etc Paul F. Bradshaw, Maxwell E. Johnson.
260 ## - PUBLICATION, DISTRIBUTION, ETC. (IMPRINT)
Place of publication, distribution, etc London :
Name of publisher, distributor, etc SPCK, Society for Promoting Christian Knowledge,
Date of publication, distribution, etc 2012.
300 ## - PHYSICAL DESCRIPTION
Extent xvi, 368 p. ;
490 1# - SERIES STATEMENT
Series statement Alcuin Club collections ;
Volume number/sequential designation 87
500 ## - GENERAL NOTE
General note "Originally published in the United States of America in 2012 by Liturgical Press, Collegeville, Minnesota."--T.p. verso.
504 ## - BIBLIOGRAPHY, ETC. NOTE
Bibliography, etc Includes bibliographical references and index.
505 0# - FORMATTED CONTENTS NOTE
Formatted contents note Origins -- The second and third centuries -- The fourth and fifth centuries : historical context and rites -- The fourth and fifth centuries : questions in anaphoral development and eucharistic theology -- The Christian East -- The medieval West -- The Protestant and Catholic Reformations -- The modern period.
650 #0 - SUBJECT ADDED ENTRY--TOPICAL TERM
Topical term or geographic name as entry element Lord's Supper (Liturgy)
General subdivision History.
9 (RLIN) 3706
650 #0 - SUBJECT ADDED ENTRY--TOPICAL TERM
Topical term or geographic name as entry element Liturgics
General subdivision History.
9 (RLIN) 3707
700 1# - ADDED ENTRY--PERSONAL NAME
Personal name Johnson, Maxwell E.,
Dates associated with a name 1952-
9 (RLIN) 3708
830 #0 - SERIES ADDED ENTRY--UNIFORM TITLE
Uniform title Alcuin Club collections ;
Volume number/sequential designation no. 87.
9 (RLIN) 3709
906 ## - LOCAL DATA ELEMENT F, LDF (RLIN)
a 7
b cbc
c copycat
d 2
e ncip
f 20
g y-gencatlg
942 ## - ADDED ENTRY ELEMENTS (KOHA)
Source of classification or shelving scheme Library of Congress Classification
Koha item type Monograph ( Printed materials)
Holdings
Withdrawn status Lost status Source of classification or shelving scheme Damaged status Not for loan Home library Current library Shelving location Date acquired Total Checkouts Full call number Barcode Date last seen Price effective from Koha item type
    Library of Congress Classification     ARRUPE LIBRARY ARRUPE LIBRARY Main Collection 25/11/2013   BV823 .B64 2012 46410302 24/01/2017 25/11/2013 Monograph ( Printed materials)

 

Arrupe Library. PO Box MP320 Mt Pleasant, Harare, Zimbabwe
263 242 745411|librarian@aju.ac.zw